000
00201 a2200085 4500
020
_a
9781138582897
100
_a
R.S.BRUDGER
245
_a
INTRODUCTION TO HUMAN FACTORS AND ERGONOMICS
260
_b
CRC PRESS
999
_c
13056
_d
13056